Business focus : Pre-intermediate

Zapisane w:
Opis bibliograficzny
1. autor: Grant, David
Format: Książka
Język:Undetermined
Wydane: Oxford Oxford University Press 2004
Hasła przedmiotowe:
Etykiety: Dodaj etykietę
Nie ma etykietki, Dołącz pierwszą etykiete!
Thư viện lưu trữ: Trung tâm Học liệu Trường Đại học Cần Thơ
LEADER 00539nam a2200205Ia 4500
001 CTU_79699
008 210402s9999 xx 000 0 und d
082 |a 428.24 
082 |b G761 
100 |a Grant, David 
245 0 |a Business focus : 
245 0 |b Pre-intermediate 
245 0 |c David Grant 
260 |a Oxford 
260 |b Oxford University Press 
260 |c 2004 
650 |a English language,English language 
650 |x Business English 
904 |i Minh 
980 |a Trung tâm Học liệu Trường Đại học Cần Thơ